| 000 | 00774cab a2200253 4500 | ||
|---|---|---|---|
| 001 | ABS58530 | ||
| 008 | 090401t1998 xxu||||| |||| 00| 0 eng d | ||
| 035 | _a(Sirsi) u85977 | ||
| 041 | _aeng | ||
| 100 | _aHarris, P | ||
| 245 | _aWork in progress | ||
| 260 | _c1998 | ||
| 350 | _a0 | ||
| 490 |
_aFaculty of Building Journal _v7(2) April 1998, 30-32(3) |
||
| 520 | _aAuthor considers the law relating to liability in a construction project and to what extent the parties, contractor, architect/engineer, employer, can be held responsible. | ||
| 650 | _aARCHITECTS | ||
| 650 | _aCONTRACTOR | ||
| 650 | _aCONTRACTORS | ||
| 650 | _aENGINEERS | ||
| 650 | _aLIABILITY | ||
| 690 | _aBUILT ENVIRONMENT-BUILDING CONTRACT FORMS | ||
| 942 | _n0 | ||
| 948 | _c01/05/1998 | ||
| 999 |
_c54093 _d54093 |
||